LEADER 01212nam a2200205 i 4500 001 000000243961 003 CaOOAMICUS 005 20150727000000.0 008 150727s1842 it u000 u ita u 013 $a222866 040 $aSeMil$bita 245 10$aLetture e preghiere ad uso degli infermi :$bsi aggiungono a comodo de sacerdoti il modo di amministrare il ss. viatico, l'olio santo, la benedizione papale, ecc. secondo il rito ambrosiano. 260 $aMilano :$bTipografia Boniardi-Pogliani,$c1842. 300 $a362 p., [1] c. di tav. :$bill. ;$c21 cm. 650 4$aUnzione degli infermi - Pastorale.$0(OLS)http://semarc/subject/23954 650 4$aLibri liturgici - Rituali - Unzione degli infermi - Rito ambrosiano.$0(OLS)http://semarc/subject/42528 850 $aSeMil 852 $aSeMil$W1$xVenegono$y1$m3F III 292 FA$j194307$B194307$CSeMilBibl$Z2$F204931 $8I 996 $6245$aLetture e preghiere ad uso degli infermi :$bsi aggiungono a comodo de sacerdoti il modo di amministrare il ss. viatico, l'olio santo, la benedizione papale, ecc. secondo il rito ambrosiano$9(OLS)http://semarc/title/345878 996 $6260$aMilano :$bTipografia Boniardi-Pogliani$9(OLS)http://semarc/publisher/37724 LEADER 00831nam a2200181 i 4500 001 000000001422 003 CaOOAMICUS 005 20180830125434.0 008 180830s1969 fr u000 u und u 040 $aSeMil$bita 100 1 $aDroulers, Paul,$c.$0(OLS)http://semarc/name/1286 245 10$aPolitique sociale et Christianisme :$ble père Desbuquois et l'"Action Populaire" /$cPaul Droulers. 260 $aParis :$bLes éditions ouvrières,$c1969-1981. 300 $a2 v. ;$c21 cm. 774 0 $tDans la gestation d'un monde nouveau.$g2$w()56296 774 0 $tDebuts. Syndicalisme et integristes (1903-1918).$g1$w()239460 996 $6245$aPolitique sociale et Christianisme :$ble père Desbuquois et l'"Action Populaire"$9(OLS)http://semarc/title/2289 996 $6260$aParis :$bLes éditions ouvrières$9(OLS)http://semarc/publisher/30144